LEADER 01447nam0 2200385 i 450 001 RAV0040689 005 20231121125625.0 010 $a8842024120 010 $a9788842024125$b6. ed. 2010 100 $a20030205d1984 ||||0itac50 ba 101 | $aita 102 $ait 181 1$6z01$ai $bxxxe 182 1$6z01$an 200 1 $aLogica$fImmanuel Kant : a cura di Leonardo Amoroso 210 $aRoma$aBari$cLaterza$d1984 215 $aXV, 163 p.$d21 cm. 225 | $aBiblioteca universale Laterza$v111 410 0$1001CFI0002268$12001 $aBiblioteca universale Laterza$v111 500 10$aLogik. -$3CFI0059909$9CFIV000707$914826 606 $aLogica$2FIR$3RMLC070749$9N 676 $a193$9Filosofia occidentale moderna. Germania e Austria$v21 700 1$aKant$b, Immanuel$3CFIV000707$4070$048116 702 1$aAmoroso$b, Leonardo$3CFIV000705 790 1$aKant$b, Emmanuel$3BVEV026501$zKant, Immanuel 790 1$aKant$b, Emanuele$3SBNV030224$zKant, Immanuel 801 3$aIT$bIT-01$c20030205 850 $aIT-RM0289 $aIT-FR0017 899 $aBiblioteca Statale A. Baldini$bRM0289 899 $aBiblioteca umanistica Giorgio Aprea$bFR0017 $eN 912 $aRAV0040689 950 0$aBiblioteca umanistica Giorgio Aprea$d 52MAG 2 Coll B 111$e 52MAG0000192425 VMB RS $fA $h20200617$i20200617 977 $a 04$a 52 996 $aLogik$914826 997 $aUNICAS LEADER 01000nam0 22002531i 450 001 RML0233115 005 20231121125659.0 100 $a20121121d1987 ||||0itac50 ba 101 | $aita 102 $ait 181 1$6z01$ai $bxxxe 182 1$6z01$an 200 1 $aCodice del reddito del consumo e dell'utenza$eCon il patrocinio della Commissione delle Comunità Europee$f[a cura di] Gustavo Ghidini, Paolo Mariotti$gprefazione di Carlo Ripa di Meana 210 $aMilano $cGiuffr $d1987 215 $axix,943 p.$d17 cm 700 1$aGHIDINI$b, Gustavo$3RMLV148049$0120268 801 3$aIT$bIT-01$c20121121 850 $aIT-FR0098 899 $aBiblioteca Area Giuridico Economica$bFR0098 912 $aRML0233115 950 0$aBiblioteca Area Giuridico Economica$d 53CAM 346.07/30$e 53VM 0000012235 VM barcode:0001047VM$fA $h19951103$i20121204 977 $a 53 996 $aCodice del reddito del consumo e dell'utenza$93618125 997 $aUNICAS